Score 0/14 Timer 04:00
0 Plays Today
Scrambled Word Answer % Correct
NSUSUN
99.6%
LUBEBLUE
91.5%
TANGI DANAPGIANT PANDA
83%
LIZYRGZGRIZZLY
83%
RPALOPOLAR
79.3%
DOIKAKKODIAK
76.9%
HOTLSSLOTH
75.7%
Scrambled Word Answer % Correct
NHLAIAYMA WORBNHIMALAYAN BROWN
67.8%
SATALATLAS
64%
BOIGGOBI
63.3%
NACIRAME CLABKAMERICAN BLACK
57.3%
SITACIA CLABKASIATIC BLACK
35.5%
MNCIONNACINNAMON
31.1%
DSATPECLECSPECTACLED
26.7%
Remove Ads.
Support Sporcle.
Get the best of Sporcle when you Go Orange. This ad-free experience offers more features, more stats, and more fun while also helping to support Sporcle. Thank you for becoming a member.

You're not logged in!

Compare scores with friends on all Sporcle quizzes.
OR
Log In

Show Comments

Extras

Top Quizzes Today


Score Distribution

Your Account Isn't Verified!

In order to create a playlist on Sporcle, you need to verify the email address you used during registration. Go to your Sporcle Settings to finish the process.

Report this User

Report this user for behavior that violates our Community Guidelines.

Details: